Handbook of geotechnical investigation and design tables / (Record no. 609082)
[ view plain ]
| 000 -LEADER | |
|---|---|
| fixed length control field | 01141cam a2200289 i 4500 |
| 001 - CONTROL NUMBER | |
| control field | 17898316 |
| 005 - DATE AND TIME OF LATEST TRANSACTION | |
| control field | 20240513202040.0 |
| 008 - FIXED-LENGTH DATA ELEMENTS--GENERAL INFORMATION | |
| fixed length control field | 130925s2014 ne a bf 001 0 eng |
| 010 ## - LIBRARY OF CONGRESS CONTROL NUMBER | |
| LC control number | 2013039021 |
| 020 ## - INTERNATIONAL STANDARD BOOK NUMBER | |
| International Standard Book Number | 9781138001398 (hardback : alk. paper) |
| 040 ## - CATALOGING SOURCE | |
| Original cataloging agency | DLC |
| Language of cataloging | eng |
| Transcribing agency | DLC |
| Description conventions | rda |
| Modifying agency | DLC |
| 082 00 - DEWEY DECIMAL CLASSIFICATION NUMBER | |
| Classification number | 624.151 |
| Author Mark | LOO |
| 100 1# - MAIN ENTRY--PERSONAL NAME | |
| Personal name | Look, Burt, |
| Relator term | author. |
| 9 (RLIN) | 122624 |
| 245 10 - TITLE STATEMENT | |
| Title | Handbook of geotechnical investigation and design tables / |
| Statement of responsibility, etc. | Burt G. Look, Geotechnical Practice Leader, Sinclair Knight Merz, Australia. |
| 250 ## - EDITION STATEMENT | |
| Edition statement | Second edition. |
| 264 #1 - PRODUCTION, PUBLICATION, DISTRIBUTION, MANUFACTURE, AND COPYRIGHT NOTICE | |
| Place of production, publication, distribution, manufacture | Leiden, the Netherlands : |
| Name of producer, publisher, distributor, manufacturer | CRC Press/Balkema, |
| Date of production, publication, distribution, manufacture, or copyright notice | [2014] |
| 300 ## - PHYSICAL DESCRIPTION | |
| Extent | xxiii, 393 pages : |
| Other physical details | illustrations ; |
| Dimensions | 25 cm |
| 336 ## - CONTENT TYPE | |
| Content type term | text |
| Source | rdacontent |
| 337 ## - MEDIA TYPE | |
| Media type term | unmediated |
| Source | rdamedia |
| 338 ## - CARRIER TYPE | |
| Carrier type term | volume |
| Source | rdacarrier |
| 504 ## - BIBLIOGRAPHY, ETC. NOTE | |
| Bibliography, etc. note | Includes bibliographical references (pages 365-379) and index. |
| 650 #0 - SUBJECT ADDED ENTRY--TOPICAL TERM | |
| Topical term or geographic name entry element | Engineering geology |
| Form subdivision | Handbooks, manuals, etc. |
| 9 (RLIN) | 23604 |
| 650 #0 - SUBJECT ADDED ENTRY--TOPICAL TERM | |
| Topical term or geographic name entry element | Earthwork. |
| 9 (RLIN) | 19708 |
| 906 ## - LOCAL DATA ELEMENT F, LDF (RLIN) | |
| a | 7 |
| b | cbc |
| c | orignew |
| d | 1 |
| e | ecip |
| f | 20 |
| g | y-gencatlg |
| 942 ## - ADDED ENTRY ELEMENTS (KOHA) | |
| Source of classification or shelving scheme | |
| Koha item type | Book |
| Withdrawn status | Lost status | Source of classification or shelving scheme | Damaged status | Not for loan | Permanent Location | Current Location | Date acquired | Total Checkouts | Full call number | Barcode | Date last seen | Date last checked out | Price effective from | Koha item type |
|---|---|---|---|---|---|---|---|---|---|---|---|---|---|---|
| School of Civil and Environmental Engineering (SCEE) | School of Civil and Environmental Engineering (SCEE) | 05/13/2024 | 1 | 624.151 LOO | NIT-13734 | 05/23/2024 | 05/15/2024 | 05/13/2024 | Book |
